|
|
|
|
| LEADER |
01193nam a2200265 a 4500 |
| 001 |
738425 |
| 003 |
BD-DhAAL |
| 005 |
20231018131016.0 |
| 008 |
090723s1998 bg 000 0 eng d |
| 020 |
|
|
|a 9840513095
|
| 040 |
|
|
|a BD-DhAAL
|
| 082 |
0 |
0 |
|a 891.4430108
|2 21
|
| 245 |
0 |
0 |
|a Selected short stories from Bangladesh /
|c edited by Niaz Zaman.
|
| 260 |
|
|
|a Dhaka :
|b University Press,
|c 1998.
|
| 300 |
|
|
|a xii, 209 pages ;
|c 22 cm.
|
| 490 |
|
0 |
|a Literature in Bangladesh
|
| 526 |
|
|
|a BIED
|
| 541 |
1 |
|
|e 00008283, 35661
|a Complimentary copy from BIED
|
| 650 |
|
0 |
|a Short stories, Bengali
|z Bangladesh
|x Translations into English.
|9 36742
|
| 700 |
1 |
|
|a Zaman, Niaz.
|9 36743
|
| 852 |
4 |
|
|a Ayesha Abed Library
|j General shelf
|
| 942 |
|
|
|2 ddc
|c BK
|
| 999 |
|
|
|c 2798
|d 2798
|
| 952 |
|
|
|0 0
|1 0
|2 ddc
|4 0
|6 891_443010800000000_SEL_1998
|7 0
|9 2569
|a BRACUL
|b BRACUL
|c GEN
|d 2009-07-26
|g 300.00
|l 7
|m 66
|o 891.4430108 SEL
|p 3010008283
|r 2019-09-17
|s 2019-08-25
|t 1
|v 600.00
|w 2009-07-26
|y BK
|
| 952 |
|
|
|0 0
|1 0
|2 ddc
|4 0
|6 891_443010800000000_SEL
|7 0
|9 67002
|a BRACUL
|b BRACUL
|c GEN
|d 2019-11-04
|e Complimentary copy from BIED
|l 1
|m 4
|o 891.4430108 SEL
|p 3010035661
|r 2024-06-24
|s 2024-05-23
|t 2
|w 2019-11-04
|y BK
|x Transferred from BIED to General Stacks
|